[Event "15th 4NCL Congress"]
[Site "Doncaster"]
[Date "2017.09.10"]
[Round "4.8"]
[White "Moore, Gerald"]
[Black "Surtees, Mike J"]
[Result "0-1"]
[WhiteElo "2063"]
[BlackElo "2107"]
[PlyCount "114"]
[EventDate "2017.09.08"]

1. Nf3 e6 2. c4 g5 3. Nc3 Bg7 4. d3 g4 5. Nd2 d5 6. g3 d4 7. Nb5 Bd7 8. Bg2 Bc6
9. O-O f5 10. Nb3 Bxg2 11. Kxg2 a6 12. Na3 Qd6 13. Nc2 Nc6 14. Nd2 a5 15. a3
Nge7 16. Rb1 a4 17. b4 axb3 18. Rxb3 b6 19. Kg1 h5 20. a4 e5 21. e3 Na5 22. Ra3
c5 23. Qe2 Kd7 24. exd4 exd4 25. Re1 Rae8 26. Qf1 Nac6 27. Rb3 Nc8 28. Rxe8
Rxe8 29. Rb1 Bh6 30. Nb3 Bxc1 31. Rxc1 Ne5 32. Nd2 Qh6 33. Rd1 Nd6 34. Ne1 f4
35. Ng2 fxg3 36. hxg3 Ng6 37. f3 Qg5 38. f4 Qf5 39. Re1 Rxe1 40. Nxe1 Qe6 41.
Qf2 Ne7 42. Nf1 Nef5 43. Ng2 Kc7 44. Qe1 Qxe1 45. Nxe1 Kb7 46. Nc2 Ka6 47. Na3
Ka5 48. Nb5 Kxa4 49. Nxd6 Nxd6 50. Kf2 Kb3 51. Nd2+ Kc2 52. Ke2 Nf5 53. Ne4 h4
54. gxh4 g3 55. Ng5 g2 56. Kf2 Nxh4 57. Nh3 Kxd3 0-1

[Event "15th 4NCL Congress"]
[Site "Doncaster"]
[Date "2017.09.10"]
[Round "4.9"]
[White "Dunn, Alan M"]
[Black "Burnett, Jim"]
[Result "1/2-1/2"]
[WhiteElo "2038"]
[BlackElo "2103"]
[PlyCount "64"]
[EventDate "2017.09.08"]

1. d4 d5 2. Bf4 Nf6 3. e3 c5 4. c3 Nc6 5. Bd3 Bg4 6. f3 Bh5 7. Nd2 e6 8. Ne2
Bg6 9. Bxg6 hxg6 10. Qb3 Qd7 11. O-O-O c4 12. Qc2 b5 13. g4 Bd6 14. e4 Bxf4 15.
Nxf4 O-O-O 16. e5 Ng8 17. h4 Nge7 18. Ng2 Kc7 19. f4 Rb8 20. Ne3 Rh6 21. Nf3 b4
22. Ng5 bxc3 23. bxc3 Nd8 24. Kd2 f6 25. Nf3 Nf7 26. Rb1 Rhh8 27. a3 a5 28. Ke2
Rxb1 29. Rxb1 Rb8 30. Rxb8 Kxb8 31. Nd1 f5 32. g5 Nc8 1/2-1/2

[Event "15th 4NCL Congress"]
[Site "Doncaster"]
[Date "2017.09.10"]
[Round "4.10"]
[White "Coleman, David J"]
[Black "Yoon, Jacob D"]
[Result "0-1"]
[WhiteElo "2135"]
[BlackElo "1843"]
[PlyCount "72"]
[EventDate "2017.09.08"]

1. e4 c5 2. Nf3 e6 3. d4 cxd4 4. Nxd4 a6 5. Bd3 Nf6 6. Qe2 Qc7 7. f4 Nc6 8.
Nxc6 dxc6 9. e5 Nd5 10. c4 Bb4+ 11. Kf1 Nb6 12. Be3 Nd7 13. Nd2 Bxd2 14. Bxd2
b6 15. a4 a5 16. h4 c5 17. Rh3 Bb7 18. Be4 O-O-O 19. Rb3 Bc6 20. Qf3 Nb8 21.
Be3 g6 22. Kf2 h5 23. Bxc6 Nxc6 24. Rd1 Rxd1 25. Qxd1 Nb4 26. Qf3 Rd8 27. Kg3
Qb7 28. Rc3 Qd7 29. b3 Kc7 30. Qe2 Qc6 31. Bf2 Rd7 32. Be1 Qa8 33. Re3 Nc6 34.
Qf3 Qd8 35. Bc3 Ne7 36. Re1 Rd3 0-1

[Event "15th 4NCL Congress"]
[Site "Doncaster"]
[Date "2017.09.10"]
[Round "4.12"]
[White "Willow, Jonah B"]
[Black "Shaw, Peter"]
[Result "1/2-1/2"]
[WhiteElo "2077"]
[BlackElo "2111"]
[PlyCount "154"]
[EventDate "2017.09.08"]

1. e4 d6 2. d4 Nf6 3. Nc3 c6 4. f4 Qa5 5. Bd3 e5 6. Nf3 exd4 7. Nxd4 g6 8. O-O
Bg7 9. Kh1 O-O 10. Qe1 Nbd7 11. Nb3 Qc7 12. Qh4 b5 13. a3 a6 14. g4 c5 15. g5
c4 16. gxf6 Nxf6 17. f5 Bb7 18. Bg5 Nd7 19. f6 Bh8 20. Rf3 Rfe8 21. Rh3 Nf8 22.
Bh6 Re5 23. Be2 cxb3 24. cxb3 Rf5 25. Bg5 Qc5 26. Rg1 Qe5 27. Bf3 Rxg5 28. Qxg5
Qxg5 29. Rxg5 Bxf6 30. Rg1 Ne6 31. Bg2 Nf4 32. Rf3 Bxc3 33. Rxf4 Bxb2 34. Rgf1
f6 35. R4f2 Be5 36. Rc2 Bc8 37. Rf3 Be6 38. Bh3 Bf7 39. Rc8+ Rxc8 40. Bxc8 a5
41. b4 a4 42. Bb7 Bc4 43. Kg2 Kf7 44. Rf2 Ke6 45. Bc8+ Ke7 46. Rd2 Bf4 47. Rd1
Bb3 48. Rf1 Be5 49. Rf2 d5 50. exd5 Bxd5+ 51. Kf1 Bc4+ 52. Kg2 f5 53. Rd2 Kf6
54. Bb7 Bc3 55. Re2 Bd4 56. Kf3 g5 57. Rd2 Ke5 58. Rd1 h5 59. Re1+ Kf6 60. Rd1
g4+ 61. Kf4 Be5+ 62. Ke3 Bxh2 63. Rh1 Be5 64. Rxh5 Bb2 65. Bc8 Bc1+ 66. Kd4 Bg5
67. Rh8 Kg6 68. Rh1 Bf6+ 69. Ke3 Bb2 70. Kf4 Bd3 71. Rd1 Be4 72. Rd6+ Kf7 73.
Bxf5 Bxf5 74. Kxf5 Bxa3 75. Kxg4 Bxb4 76. Rb6 Bc3 77. Rxb5 a3 1/2-1/2

[Event "15th 4NCL Congress"]
[Site "Doncaster"]
[Date "2017.09.10"]
[Round "4.13"]
[White "Boswell, Jacob Connor"]
[Black "Milson, Samuel A"]
[Result "0-1"]
[WhiteElo "1914"]
[BlackElo "2105"]
[PlyCount "64"]
[EventDate "2017.09.08"]

1. e4 e5 2. Nf3 Nc6 3. Bc4 Bc5 4. c3 Nf6 5. d3 d6 6. b4 Bb6 7. a4 a5 8. b5 Ne7
9. Nbd2 Ng6 10. Nf1 O-O 11. Be3 d5 12. exd5 Nxd5 13. Bxd5 Qxd5 14. Bxb6 cxb6
15. Ne3 Qd6 16. O-O Rd8 17. d4 e4 18. Nd2 f5 19. f3 exf3 20. Qxf3 f4 21. Nec4
Qc7 22. Rae1 Bf5 23. Ne5 Rac8 24. Nxg6 Bxg6 25. Qxf4 Qxc3 26. Nf3 Qb4 27. Re6
Qxa4 28. Rxb6 Rd7 29. Qe5 Qc4 30. Ra1 Re8 31. Qc5 Qd3 32. Rxa5 Qe3+ 0-1

[Event "15th 4NCL Congress"]
[Site "Doncaster"]
[Date "2017.09.10"]
[Round "4.14"]
[White "Dargan, Paul Ag"]
[Black "Hilton, Tim"]
[Result "1-0"]
[WhiteElo "2104"]
[BlackElo "1839"]
[PlyCount "45"]
[EventDate "2017.09.08"]

1. e4 e5 2. Nf3 Nc6 3. Bc4 Bc5 4. c3 Nf6 5. d3 O-O 6. Bb3 d6 7. Bg5 Be6 8. Nbd2
h6 9. Bh4 a6 10. Qe2 b5 11. Bd5 Bxd5 12. exd5 Ne7 13. Bxf6 gxf6 14. Nh4 Qd7 15.
Qh5 Kg7 16. g4 Rh8 17. Nf5+ Nxf5 18. gxf5 Rag8 19. Ne4 Qe7 20. Rg1+ Kf8 21.
Rxg8+ Kxg8 22. Ke2 Rh7 23. Qh4 1-0

[Event "15th 4NCL Congress"]
[Site "Doncaster"]
[Date "2017.09.10"]
[Round "4.15"]
[White "Middleton, Tom"]
[Black "Fernandez, Michael H"]
[Result "1/2-1/2"]
[WhiteElo "2001"]
[BlackElo "2236"]
[PlyCount "67"]
[EventDate "2017.09.08"]

1. e4 a6 2. d4 b5 3. Nf3 g6 4. Bd3 Bg7 5. O-O Bb7 6. Re1 d6 7. c3 c5 8. dxc5
dxc5 9. Qe2 c4 10. Bc2 Nd7 11. Nbd2 e5 12. b3 cxb3 13. axb3 Ne7 14. c4 b4 15.
Bb2 Nc6 16. Nf1 O-O 17. Ne3 Nc5 18. Red1 Qb8 19. Nd5 Bc8 20. Ne1 Ne6 21. Nd3
Ned4 22. Qd2 a5 23. Nc5 Bg4 24. Rf1 Qd6 25. Na4 Rad8 26. f3 Bc8 27. Kh1 Kh8 28.
Nab6 Bb7 29. Bxd4 Nxd4 30. Rxa5 Nxf3 31. gxf3 Qxb6 32. Rb5 Qa7 33. Qxb4 Bxd5
34. Rxd5 1/2-1/2

[Event "15th 4NCL Congress"]
[Site "Doncaster"]
[Date "2017.09.10"]
[Round "4.16"]
[White "Mitra, Roman C"]
[Black "Rita, Joao"]
[Result "1-0"]
[WhiteElo "2117"]
[BlackElo "1969"]
[PlyCount "71"]
[EventDate "2017.09.08"]

1. e4 c6 2. d3 d5 3. Nd2 dxe4 4. dxe4 g6 5. a4 Bg7 6. Bc4 Nd7 7. a5 Ngf6 8.
Ngf3 O-O 9. Qe2 e5 10. O-O Qc7 11. b4 Ne8 12. Bb2 Nd6 13. Bb3 Nb5 14. Rfd1 Nd4
15. Nxd4 exd4 16. Nf3 Ne5 17. Nxd4 Ng4 18. g3 Qe7 19. c4 c5 20. bxc5 Qxc5 21.
h3 Rd8 22. hxg4 Bxd4 23. Rd2 Qe5 24. Rxd4 Rxd4 25. Qe3 Rd1+ 26. Rxd1 Qxb2 27.
Rd8+ Kg7 28. e5 Qa1+ 29. Kh2 Qxa5 30. Qg5 Qb6 31. c5 Qxb3 32. Qf6+ Kh6 33. Rg8
Bxg4 34. Qh4+ Bh5 35. Qf4+ g5 36. Qxg5# 1-0

[Event "15th 4NCL Congress"]
[Site "Doncaster"]
[Date "2017.09.10"]
[Round "4.17"]
[White "Murphy, Hugh W"]
[Black "Munshi, Aditya"]
[Result "1-0"]
[WhiteElo "2109"]
[BlackElo "1901"]
[PlyCount "115"]
[EventDate "2017.09.08"]

1. d4 Nf6 2. Nf3 d5 3. e3 c5 4. Nbd2 cxd4 5. exd4 Nc6 6. c3 a5 7. Bd3 g6 8. O-O
Bg7 9. Re1 O-O 10. Ne5 Nxe5 11. dxe5 Ng4 12. Nf3 Qb6 13. Qe2 f6 14. exf6 Rxf6
15. Bg5 Rf7 16. h3 e5 17. hxg4 e4 18. Bxe4 dxe4 19. Qxe4 Bd7 20. Be3 Qb5 21. a4
Qb3 22. Bd4 Bc6 23. Qe6 Bd5 24. Qe2 Bxf3 25. gxf3 Bxd4 26. cxd4 Qxf3 27. Rad1
Qd5 28. Qe4 Qg5 29. d5 Qh4 30. Re2 Raf8 31. Qe6 Kh8 32. Qe5+ Kg8 33. Qg3 Qxg3+
34. fxg3 Rd8 35. Kg2 Rfd7 36. Re5 Rd6 37. Rd3 Rb6 38. b3 Rb4 39. d6 Rd7 40. Kf3
Rf7+ 41. Ke2 Rd7 42. g5 Kf7 43. Kd2 Rb6 44. Rf3+ Kg8 45. Re8+ Kg7 46. Re7+ Rxe7
47. dxe7 Rd6+ 48. Rd3 Re6 49. Rd7 Kf7 50. Rxb7 Rd6+ 51. Ke3 Rd5 52. Rb5 Rxb5
53. e8=Q+ Kxe8 54. axb5 Kd8 55. Kd4 Kc7 56. Kc5 Kb7 57. b6 Ka6 58. Kc6 1-0

[Event "15th 4NCL Congress"]
[Site "Doncaster"]
[Date "2017.09.10"]
[Round "4.19"]
[White "Head, Louise"]
[Black "Somton, Anita"]
[Result "1-0"]
[WhiteElo "2060"]
[BlackElo "1705"]
[PlyCount "171"]
[EventDate "2017.09.08"]

1. d4 d5 2. c4 e6 3. Nc3 Nf6 4. Bg5 Be7 5. Nf3 h6 6. Bh4 O-O 7. e3 b6 8. Bd3
Bb7 9. O-O Nbd7 10. cxd5 Nxd5 11. Bxe7 Qxe7 12. Nxd5 exd5 13. Qc2 c5 14. Bf5 c4
15. Rfe1 g6 16. Bh3 b5 17. Nd2 Nf6 18. f3 Rad8 19. Rad1 Rfe8 20. g3 Qc7 21. Bg2
Qb6 22. Kh1 Bc8 23. a3 a5 24. g4 Bb7 25. h3 Re7 26. Nf1 Rde8 27. Qf2 Kg7 28.
Ng3 b4 29. axb4 Qxb4 30. Nf1 Bc6 31. Qd2 Rb7 32. Re2 Reb8 33. Qc1 Nd7 34. e4
Nb6 35. Ne3 dxe4 36. fxe4 Re8 37. Nc2 Qe7 38. Na3 Ba4 39. Rde1 Rc7 40. Qc3 Kh7
41. Qxa5 Rb8 42. Qc3 Qh4 43. d5 Rd8 44. Qd4 Nd7 45. Nxc4 Bb5 46. b3 Rdc8 47.
Rc1 Nc5 48. Re3 Nxb3 49. Rxb3 Rxc4 50. Rxc4 Rxc4 51. Qa1 Ra4 52. Qb1 Qf6 53.
Qg1 Bc4 54. Re3 Ra1 55. Re1 Ra6 56. e5 Qd8 57. d6 Be6 58. Rf1 Ra5 59. Qd4 Qd7
60. Ra1 Rxa1+ 61. Qxa1 Kg7 62. Qf1 Qc8 63. Qf6+ Kh7 64. Kh2 Qc4 65. Qf3 Qb5 66.
Qf4 Qb3 67. h4 Qa2 68. Kg3 Qb3+ 69. Qf3 Qb5 70. Qe3 Qc4 71. Be4 Qa2 72. h5 Qa4
73. hxg6+ fxg6 74. Qd3 Qa7 75. Bg2 Qa4 76. Qf3 Qa1 77. Qb7+ Kh8 78. Qa8+ Qxa8
79. Bxa8 Kg7 80. Bd5 Bc8 81. e6 Kf6 82. d7 Bxd7 83. exd7 Ke7 84. Bc6 h5 85.
gxh5 gxh5 86. Kh4 1-0

[Event "15th 4NCL Congress"]
[Site "Doncaster"]
[Date "2017.09.10"]
[Round "4.20"]
[White "Nicholson, Jim Wr"]
[Black "Hymer, Barry J"]
[Result "1-0"]
[WhiteElo "2020"]
[BlackElo "1683"]
[PlyCount "99"]
[EventDate "2017.09.08"]

1. d4 g6 2. Nf3 Bg7 3. c3 d5 4. Bg5 Nf6 5. Nbd2 O-O 6. e3 Nbd7 7. Bd3 c5 8. O-O
b6 9. a4 Bb7 10. Qb1 Rc8 11. h3 a6 12. b4 c4 13. Bc2 Nh5 14. g4 Nhf6 15. Bf4 h6
16. Bg3 Ne8 17. Ne5 Nxe5 18. dxe5 Qd7 19. f4 f5 20. gxf5 gxf5 21. Kh2 Nc7 22.
Nf3 e6 23. Nd4 Kh8 24. Bh4 Qf7 25. Qd1 Rg8 26. Rg1 Ne8 27. Qf3 Nc7 28. Rg2 Kh7
29. Rag1 Bh8 30. Rxg8 Rxg8 31. Rxg8 Kxg8 32. Bd1 Bg7 33. Qg3 Kf8 34. Bd8 Bc8
35. Qh4 Qd7 36. Bh5 Kg8 37. Bf6 Ne8 38. Be7 Qxa4 39. Qg3 Qa2+ 40. Ne2 Kh8 41.
Qg6 Bd7 42. Bf6 Qd2 43. Qxh6+ Kg8 44. Qg6 Qxe3 45. Qg2 Qe4 46. Qg3 Kh8 47. Nd4
Nxf6 48. exf6 Bh6 49. f7 Bg7 50. Qh4 1-0

[Event "15th 4NCL Congress"]
[Site "Doncaster"]
[Date "2017.09.10"]
[Round "4.21"]
[White "Simpson, Derek"]
[Black "Garnett, John S"]
[Result "0-1"]
[WhiteElo "1650"]
[BlackElo "2005"]
[PlyCount "120"]
[EventDate "2017.09.08"]

1. d4 Nf6 2. Nf3 d5 3. e3 Bf5 4. Nh4 Bg6 5. Nxg6 hxg6 6. Nd2 e6 7. Be2 c6 8. c4
dxc4 9. Nxc4 Nbd7 10. Bd2 Nb6 11. Qb3 Nxc4 12. Qxc4 Ne4 13. Qd3 Nxd2 14. Qxd2
Bd6 15. g3 Qe7 16. O-O-O O-O-O 17. Kb1 Kb8 18. Qc2 Rc8 19. Qb3 Qf6 20. f4 g5
21. e4 Qe7 22. e5 Bc7 23. Bf3 Bb6 24. Rd2 gxf4 25. gxf4 Rh3 26. Qd1 Rh4 27. Bg4
f5 28. exf6 Qxf6 29. h3 Qxf4 30. Re1 Ba5 31. Rde2 Bxe1 32. Qxe1 Rh6 33. Rxe6
Rxe6 34. Qxe6 Rd8 35. Qe5+ Qxe5 36. dxe5 Re8 37. e6 Kc7 38. Kc2 Kd6 39. Kd3
Rxe6 40. Bxe6 Kxe6 41. Ke4 Kf6 42. b4 Kg5 43. Ke5 Kh4 44. Kd6 Kxh3 45. Kc7 g5
46. Kxb7 g4 47. Kxa7 g3 48. Kb6 g2 49. Kxc6 g1=Q 50. a4 Qa7 51. a5 Qa6+ 52. Kc5
Kg4 53. b5 Qxa5 54. Kc6 Qc3+ 55. Kb7 Kf5 56. b6 Ke6 57. Ka8 Qa5+ 58. Kb7 Kd7
59. Kb8 Qxb6+ 60. Ka8 Qb5 0-1

[Event "15th 4NCL Congress"]
[Site "Doncaster"]
[Date "2017.09.10"]
[Round "4.22"]
[White "Ilett, Raymond J"]
[Black "Truman, Richard G"]
[Result "1/2-1/2"]
[WhiteElo "1876"]
[BlackElo "1932"]
[PlyCount "89"]
[EventDate "2017.09.08"]

1. d4 Nf6 2. c4 g6 3. Nc3 d5 4. Nf3 Bg7 5. Bg5 Ne4 6. cxd5 Nxg5 7. Nxg5 e6 8.
Qd2 exd5 9. Qe3+ Kf8 10. Qf4 Bf6 11. h4 h6 12. Nf3 Be6 13. e3 c6 14. Bd3 Nd7
15. O-O-O Qb8 16. Rdg1 Qxf4 17. exf4 h5 18. Ne2 c5 19. Ng5 Re8 20. f3 cxd4 21.
g4 Nc5 22. Kd2 Bd7 23. Rg2 Nxd3 24. Kxd3 Kg7 25. Nxd4 hxg4 26. fxg4 Bxg5 27.
fxg5 Re4 28. h5 Rxg4 29. h6+ Kh7 30. Rxg4 Bxg4 31. Re1 Rd8 32. Re7 Rd7 33. Rxd7
Bxd7 34. Ke3 f6 35. Kf4 fxg5+ 36. Kxg5 a6 37. Nf3 Bf5 38. a3 Be4 39. Nd4 Bb1
40. Ne6 Bf5 41. Nd4 Be4 42. b4 b5 43. Ne6 Bf5 44. Nd4 Be4 45. Ne6 1/2-1/2

[Event "15th 4NCL Congress"]
[Site "Doncaster"]
[Date "2017.09.09"]
[Round "2.1"]
[White "Murphy, Hugh W"]
[Black "Adair, James R"]
[Result "0-1"]
[WhiteElo "2109"]
[BlackElo "2485"]
[PlyCount "74"]
[EventDate "2017.09.08"]

1. d4 Nf6 2. Nf3 e6 3. e3 d5 4. Bd3 c5 5. b3 Nc6 6. Bb2 Bd6 7. O-O O-O 8. dxc5
Bxc5 9. a3 b6 10. Nbd2 Bb7 11. Qe2 Re8 12. c4 a5 13. Rfd1 Qe7 14. cxd5 exd5 15.
Bb5 Red8 16. Nf1 Na7 17. Bd3 Nc8 18. Ng3 Nd6 19. Nd4 g6 20. Qf3 Nfe4 21. Qf4 f5
22. Rac1 Nf7 23. Nb5 Neg5 24. Bxf5 gxf5 25. b4 axb4 26. axb4 Bd6 27. Nxd6 Qxd6
28. Qd4 Qg6 29. h4 Ne6 30. Qxb6 Nd6 31. h5 Qf7 32. e4 fxe4 33. Qe3 Nc4 34. Rxc4
dxc4 35. Rxd8+ Rxd8 36. Ne2 Rd1+ 37. Kh2 Qxh5+ 0-1

[Event "15th 4NCL Congress"]
[Site "Doncaster"]
[Date "2017.09.09"]
[Round "2.2"]
[White "Hebden, Mark L"]
[Black "Surtees, Mike J"]
[Result "1-0"]
[WhiteElo "2477"]
[BlackElo "2107"]
[PlyCount "93"]
[EventDate "2017.09.08"]

1. d4 e6 2. Nf3 Nf6 3. c4 Bb4+ 4. Bd2 Qe7 5. Nc3 O-O 6. Qc2 c5 7. a3 Bxc3 8.
Bxc3 cxd4 9. Nxd4 Nc6 10. e3 Nxd4 11. exd4 a5 12. Bd3 b5 13. cxb5 Bb7 14. O-O
Rfc8 15. a4 Qd6 16. f3 h5 17. Qd2 h4 18. Rae1 h3 19. g3 Qb6 20. Re5 Kf8 21. Rg5
e5 22. Rxe5 Re8 23. Rxe8+ Rxe8 24. Bf5 Bd5 25. Bxh3 Qb7 26. Bg2 Bc4 27. Re1
Rxe1+ 28. Qxe1 Bb3 29. Bxa5 Kg8 30. Qb4 Bd1 31. f4 Bf3 32. Qd2 Bxg2 33. Qxg2
Qa7 34. Qd2 Ne4 35. Qb4 g5 36. fxg5 d6 37. Bd8 Qd7 38. Bf6 Qf5 39. Qe1 Qd5 40.
Qe3 Qb7 41. Qf3 Kf8 42. Qh5 Ke8 43. Qh7 Nxf6 44. gxf6 Qf3 45. Qg8+ Kd7 46.
Qxf7+ Kc8 47. Qe8+ 1-0

[Event "15th 4NCL Congress"]
[Site "Doncaster"]
[Date "2017.09.09"]
[Round "2.4"]
[White "Merry, Alan B"]
[Black "Burnett, Jim"]
[Result "1-0"]
[WhiteElo "2423"]
[BlackElo "2103"]
[PlyCount "81"]
[EventDate "2017.09.08"]

1. e4 e6 2. Qe2 Nf6 3. g3 d5 4. d3 Be7 5. Bg2 O-O 6. Nf3 c5 7. O-O Nc6 8. e5
Nd7 9. c4 Nb6 10. b3 f5 11. exf6 Bxf6 12. Bb2 Bxb2 13. Qxb2 Qf6 14. Qxf6 gxf6
15. Nc3 Nb4 16. Rfd1 Bd7 17. a3 Nc6 18. cxd5 exd5 19. d4 c4 20. b4 Rfe8 21. Ne1
Be6 22. Nc2 Rad8 23. a4 a5 24. bxa5 Nxa5 25. Rab1 Nb3 26. Na1 Bg4 27. Rf1 Be2
28. Nxe2 Rxe2 29. Nxb3 cxb3 30. Rxb3 Nxa4 31. Rxb7 Rd2 32. Rc1 Rxd4 33. Bf1 h5
34. Rcc7 h4 35. Bh3 Re4 36. f3 Re3 37. Kf2 d4 38. gxh4 Nc3 39. h5 Re5 40. h6
Nd1+ 41. Kg3 1-0

[Event "15th 4NCL Congress"]
[Site "Doncaster"]
[Date "2017.09.09"]
[Round "2.5"]
[White "Coleman, David J"]
[Black "Moore, Gerald"]
[Result "1/2-1/2"]
[WhiteElo "2135"]
[BlackElo "2063"]
[PlyCount "76"]
[EventDate "2017.09.08"]

1. e4 g6 2. d4 Bg7 3. Nc3 d6 4. f4 Nf6 5. Nf3 O-O 6. Be3 Nbd7 7. Qd2 c5 8.
O-O-O Ng4 9. Bg1 cxd4 10. Nxd4 e5 11. Nde2 exf4 12. Nxf4 Qa5 13. Bd4 Ndf6 14.
Kb1 b6 15. h3 Ne5 16. Qf2 Bb7 17. Bd3 b5 18. a3 b4 19. axb4 Qxb4 20. Na2 Qa5
21. Bc3 Qc7 22. Rhe1 a5 23. g4 Nfd7 24. Bd4 Nxd3 25. Rxd3 Nc5 26. Rc3 Bxd4 27.
Qxd4 Qe7 28. Nd5 Bxd5 29. Qxd5 Rab8 30. e5 Na4 31. Rb3 dxe5 32. Qxe5 Qxe5 33.
Rxe5 Rxb3 34. cxb3 Nb6 35. Kc2 f5 36. gxf5 Rxf5 37. Rxf5 gxf5 38. b4 axb4
1/2-1/2

[Event "15th 4NCL Congress"]
[Site "Doncaster"]
[Date "2017.09.09"]
[Round "2.6"]
[White "Okhai, Shabir"]
[Black "Yoon, Jacob D"]
[Result "1/2-1/2"]
[WhiteElo "2111"]
[BlackElo "1843"]
[PlyCount "124"]
[EventDate "2017.09.08"]

1. e4 c5 2. Nf3 e6 3. d4 cxd4 4. Nxd4 a6 5. Bd3 Nf6 6. c4 Nc6 7. Nxc6 bxc6 8.
O-O d5 9. Nc3 Bb7 10. Bg5 Be7 11. cxd5 cxd5 12. Bxf6 Bxf6 13. Qa4+ Qd7 14.
Qxd7+ Kxd7 15. exd5 exd5 16. Rfd1 d4 17. Na4 Rab8 18. Rac1 Kd6 19. Nc5 a5 20.
b3 Bd5 21. Be4 Rhc8 22. Bxd5 Kxd5 23. Nd3 Rc3 24. Nb2 Rbc8 25. Nc4 R8xc4 26.
bxc4+ Kxc4 27. Kf1 d3 28. Rb1 Rc2 29. Rb7 d2 30. Ke2 Bc3 31. Rxf7 Rxa2 32. Rc7+
Kb3 33. Kd3 Bb4 34. Rxg7 Rc2 35. Rb7 Rc8 36. Rd7 a4 37. Rxd2 Bxd2 38. Kxd2 Rc2+
39. Ke3 a3 40. Rb7+ Kc3 41. Rxh7 Kb3 42. Rb7+ Kc4 43. g4 Rc3+ 44. Ke4 Rh3 45.
f4 Rxh2 46. Rc7+ Kb5 47. Ra7 Kb4 48. g5 Kb3 49. Kf5 a2 50. Kf6 Rh4 51. Kf5 Rh7
52. Rxa2 Kxa2 53. g6 Rh1 54. Kf6 Kb3 55. g7 Rg1 56. f5 Kc4 57. Kf7 Kd5 58. f6
Ke5 59. Ke7 Kf5 60. Kf7 Ke5 61. g8=Q Rxg8 62. Kxg8 Kxf6 1/2-1/2

[Event "15th 4NCL Congress"]
[Site "Doncaster"]
[Date "2017.09.09"]
[Round "2.7"]
[White "Ackley, Peter Je"]
[Black "Fernandez, Michael H"]
[Result "1/2-1/2"]
[WhiteElo "1984"]
[BlackElo "2236"]
[PlyCount "63"]
[EventDate "2017.09.08"]

1. g3 e5 2. Bg2 Nf6 3. d3 d5 4. Nf3 Nc6 5. O-O h6 6. d4 e4 7. Ne5 Nxe5 8. dxe5
Ng4 9. c4 Nxe5 10. cxd5 f5 11. Nc3 Bc5 12. b4 Be7 13. Qb3 a6 14. a3 Bd6 15. f3
exf3 16. exf3 b5 17. f4 Nc4 18. Re1+ Kf7 19. Bf1 Re8 20. Rxe8 Qxe8 21. Bxc4
bxc4 22. Qxc4 Qe1+ 23. Kg2 Bb7 24. Qd3 g6 25. Bb2 Qe7 26. Kf2 Re8 27. Qd2 g5
28. fxg5 hxg5 29. Re1 Qxe1+ 30. Qxe1 Rxe1 31. Kxe1 Be5 32. Kd2 1/2-1/2

[Event "15th 4NCL Congress"]
[Site "Doncaster"]
[Date "2017.09.09"]
[Round "2.8"]
[White "Garnett, John S"]
[Black "Britton, Richard L"]
[Result "0-1"]
[WhiteElo "2005"]
[BlackElo "2219"]
[PlyCount "92"]
[EventDate "2017.09.08"]

1. d4 Nf6 2. Bg5 d5 3. e3 Nbd7 4. Nf3 e6 5. Bd3 Be7 6. O-O b6 7. c4 Bb7 8. Nc3
O-O 9. cxd5 exd5 10. Qc2 c5 11. Rac1 a6 12. Rfd1 Ne4 13. Bf4 f5 14. Qe2 c4 15.
Bxe4 fxe4 16. Ne5 Nf6 17. f3 exf3 18. gxf3 b5 19. Qg2 Nh5 20. Ne2 Nxf4 21. Nxf4
Bg5 22. Ne6 Bxe3+ 23. Kh1 Qe7 24. Nxf8 Bxc1 25. Nfg6 Qg5 26. Qxg5 Bxg5 27. h4
Bf6 28. Nf4 Re8 29. Nd7 Bxh4 30. Nc5 Bc8 31. Nxd5 Re2 32. b3 Bf5 33. bxc4 bxc4
34. Nxa6 Bg3 35. Nc3 Rh2+ 36. Kg1 Bh3 37. Ne4 Rg2+ 38. Kh1 Bf4 39. Nb4 Rb2 40.
Nd5 Bg2+ 41. Kg1 Bxf3 42. Ra1 Bh2+ 43. Kf1 Bxe4 44. Nc3 Bd3+ 45. Ke1 Bg3+ 46.
Kd1 Rh2 0-1

[Event "15th 4NCL Congress"]
[Site "Doncaster"]
[Date "2017.09.09"]
[Round "2.9"]
[White "Middleton, Tom"]
[Black "Moreby, James E"]
[Result "0-1"]
[WhiteElo "2001"]
[BlackElo "2149"]
[PlyCount "64"]
[EventDate "2017.09.08"]

1. e4 e6 2. Qe2 Be7 3. Nf3 d5 4. d3 Nf6 5. g3 c5 6. Bg2 Nc6 7. O-O b5 8. Re1
O-O 9. Nbd2 a5 10. e5 Nd7 11. Nf1 Ba6 12. h4 b4 13. c4 bxc3 14. bxc3 Rb8 15.
Bf4 Nb6 16. Rab1 a4 17. N1h2 a3 18. Bc1 c4 19. d4 Na4 20. Rxb8 Nxb8 21. Qc2 Qa5
22. Bg5 Nc6 23. Bxe7 Nxe7 24. Ng5 g6 25. Ng4 Qxc3 26. Nf6+ Kg7 27. Qe2 h6 28.
Nh3 Qd3 29. Qg4 Qf5 30. Qe2 Ng8 31. Ne4 dxe4 32. Bxe4 Nc3 0-1

[Event "15th 4NCL Congress"]
[Site "Doncaster"]
[Date "2017.09.09"]
[Round "2.10"]
[White "Mitra, Roman C"]
[Black "Gardiner, Eric D"]
[Result "0-1"]
[WhiteElo "2117"]
[BlackElo "1955"]
[PlyCount "141"]
[EventDate "2017.09.08"]

1. e4 d6 2. g3 Nf6 3. Bg2 e5 4. Ne2 Nc6 5. c3 g6 6. O-O Bg7 7. d4 O-O 8. h3 Re8
9. Qd3 d5 10. exd5 e4 11. Qc2 Nxd5 12. Kh2 f5 13. a3 Nb6 14. Rd1 Qd5 15. b3 Qf7
16. Ra2 a5 17. c4 a4 18. d5 axb3 19. Qxb3 Na5 20. Qc2 Naxc4 21. f3 exf3 22.
Bxf3 Bd7 23. Nbc3 Ne3 24. Bxe3 Rxe3 25. Kg2 Rae8 26. Rd3 g5 27. Rxe3 Rxe3 28.
Nd1 Rxf3 29. Kxf3 Qxd5+ 30. Kf2 Nc4 31. Qc1 Bc6 32. Rc2 Qf3+ 33. Ke1 Qh1+ 34.
Kf2 Qf3+ 35. Ke1 Qh1+ 36. Kf2 Ne5 37. Rc3 Qg2+ 38. Ke3 Qe4+ 39. Kf2 Nd3+ 40.
Rxd3 Qxd3 41. Ne3 Bd4 42. Nxd4 Qxd4 43. Ke2 f4 44. gxf4 gxf4 45. Ng4 f3+ 46.
Kf1 Bb5+ 47. Ke1 Qg1+ 48. Kd2 Qxc1+ 49. Kxc1 Kg7 50. Kd2 h5 51. Nf2 Bc6 52. Ke3
Kf6 53. Nd3 Kf5 54. Nb4 Be4 55. a4 c5 56. Na2 b6 57. Nc1 Bc2 58. a5 bxa5 59.
Kxf3 h4 60. Ke3 a4 61. Kd2 Be4 62. Kc3 Kf4 63. Kc4 Ke3 64. Kxc5 Kf3 65. Kb4 Kg2
66. Ne2 Kf2 67. Nf4 Bc6 68. Nd3+ Kg3 69. Ne5 Be8 70. Nc4 Kxh3 71. Ne3 0-1

[Event "15th 4NCL Congress"]
[Site "Doncaster"]
[Date "2017.09.09"]
[Round "2.11"]
[White "Boswell, Jacob Connor"]
[Black "Shaw, Peter"]
[Result "0-1"]
[WhiteElo "1914"]
[BlackElo "2111"]
[PlyCount "55"]
[EventDate "2017.09.08"]

1. e4 d6 2. d4 Nf6 3. Nc3 c6 4. a4 Qa5 5. Bd2 Qc7 6. Bc4 e5 7. dxe5 dxe5 8.
Nge2 Bc5 9. Nc1 a5 10. Nd3 Bd4 11. Qe2 O-O 12. Nd1 Nbd7 13. c3 Bb6 14. f3 Nc5
15. Nxc5 Bxc5 16. Be3 Qb6 17. g4 Rd8 18. Bxc5 Qxc5 19. Ne3 Ne8 20. h4 Nc7 21.
g5 Be6 22. Bxe6 Nxe6 23. Ng2 b5 24. axb5 cxb5 25. Rd1 b4 26. cxb4 axb4 27.
Rxd8+ Rxd8 28. g6 0-1

[Event "15th 4NCL Congress"]
[Site "Doncaster"]
[Date "2017.09.09"]
[Round "2.12"]
[White "Truman, Richard G"]
[Black "Milson, Samuel A"]
[Result "0-1"]
[WhiteElo "1932"]
[BlackElo "2105"]
[PlyCount "68"]
[EventDate "2017.09.08"]

1. d4 d5 2. c4 c6 3. Nf3 Nf6 4. e3 e6 5. Nbd2 Bd6 6. Bd3 Nbd7 7. O-O O-O 8. Qc2
h6 9. e4 e5 10. exd5 cxd5 11. dxe5 Nxe5 12. Nxe5 Bxe5 13. Nf3 Bd6 14. c5 Bc7
15. Be3 Bg4 16. Nd4 Rc8 17. Bf5 Bxf5 18. Qxf5 Ne4 19. b4 g6 20. Qf3 Be5 21.
Rfd1 h5 22. Rac1 Qe7 23. Ne2 Rfd8 24. Bd4 Rc6 25. Qb3 Rf6 26. f3 Ng5 27. Bxe5
Qxe5 28. Nd4 Rf4 29. Qc3 h4 30. a3 h3 31. Rd3 hxg2 32. Re1 Nh3+ 33. Kxg2 Qg5+
34. Kf1 Qg1+ 0-1